<?xml version="1.0" encoding="UTF-8"?>
<collection xmlns:xsi="http://www.w3.org/2001/XMLSchema-instance" xsi:schemaLocation="http://www.loc.gov/MARC21/slim http://www.loc.gov/standards/marcxml/schema/MARC21slim.xsd" xmlns="http://www.loc.gov/MARC21/slim">
 <record>
  <leader>00000cab a22000004cb4500</leader>
  <controlfield tag="001">IPP-00000662040</controlfield>
  <controlfield tag="003">IPP</controlfield>
  <controlfield tag="005">20250513153229.0</controlfield>
  <controlfield tag="008">250513s2021    xx     d | ||r |||||eng||</controlfield>
  <datafield tag="041" ind1="#" ind2="#">
   <subfield code="a">eng</subfield>
  </datafield>
  <datafield tag="100" ind1="1" ind2="#">
   <subfield code="a">Brillon, Cherish Aileen A.</subfield>
  </datafield>
  <datafield tag="245" ind1="1" ind2="0">
   <subfield code="a">Performing Darna</subfield>
   <subfield code="b">the role of entertainment press in spectacularizing Darna actresses</subfield>
  </datafield>
  <datafield tag="264" ind1="#" ind2="1">
   <subfield code="c">2021</subfield>
  </datafield>
  <datafield tag="520" ind1="#" ind2="#">
   <subfield code="a">Access online through this link: https://www.plarideljournal.org/article/performing-darna-the-role-of-entertainment-press-in-spectacularizing-darna-actresses</subfield>
  </datafield>
  <datafield tag="650" ind1="1" ind2="0">
   <subfield code="a">Darna (Fictional character)</subfield>
  </datafield>
  <datafield tag="650" ind1="2" ind2="0">
   <subfield code="a">Superheroes</subfield>
  </datafield>
  <datafield tag="650" ind1="2" ind2="0">
   <subfield code="a">Celebrities</subfield>
  </datafield>
  <datafield tag="773" ind1="0" ind2="#">
   <subfield code="t">Plaridel</subfield>
   <subfield code="g">Vol. 18, no. 1 (Jun. 2021), 31-54</subfield>
  </datafield>
  <datafield tag="852" ind1="#" ind2="#">
   <subfield code="a">UPD</subfield>
   <subfield code="b">DMLP</subfield>
  </datafield>
  <datafield tag="942" ind1="#" ind2="#">
   <subfield code="a">Article</subfield>
  </datafield>
  <datafield tag="950" ind1="#" ind2="#">
   <subfield code="a">FI</subfield>
  </datafield>
 </record>
</collection>
